Current trends in mathematics and physics: a tribute to Harish Chandra / (Record no. 1532)

000 -LEADER
fixed length control field 00402nam a22001337a 4500
008 - FIXED-LENGTH DATA ELEMENTS--GENERAL INFORMATION
fixed length control field 200127b ||||| |||| 00| 0 eng d
082 00 - DEWEY DECIMAL CLASSIFICATION NUMBER
Classification number 512
Item number A234
100 ## - MAIN ENTRY--PERSONAL NAME
9 (RLIN) 1166
Personal name Adhikari, S. D.
245 10 - TITLE STATEMENT
Title Current trends in mathematics and physics: a tribute to Harish Chandra /
260 ## - PUBLICATION, DISTRIBUTION, ETC. (IMPRINT)
Place of publication, distribution, etc New delhi:
Name of publisher, distributor, etc Narosa Publishing,
Date of publication, distribution, etc 1995.
300 ## - PHYSICAL DESCRIPTION
Extent 220 p.
650 #0 - SUBJECT ADDED ENTRY--TOPICAL TERM
Topical term or geographic name as entry element Mathematics
942 ## - ADDED ENTRY ELEMENTS (KOHA)
Item type Books
Holdings
Withdrawn status Lost status Source of classification or shelving scheme Damaged status Not for loan Permanent location Current location Date acquired Source of acquisition Full call number Barcode Date last seen Cost, replacement price Koha item type
          IMU Kolkata IMU Kolkata 1998-02-12 Aryan Publishing Co. 512 A234 08867 2020-01-27 395.00 Books
          IMU Kolkata IMU Kolkata 1998-02-12 Aryan Publishing Co. 512 A234 08868 2020-01-27 395.00 Books
Designed and Maintained by IMU-KC Library, Kolkata Campus © Copyright All Rights Reserved

webs counters

Powered by Koha